00778 2200301 4500001002100000005001500021035002000036100002900056245003800085264003800123300002800161336002100189337001900210338001800229850001200247990001700259990001700276990002100293006001800314007000300332008004100335020001800376040001700394082000800411084001400419090001900433090002400452INLIS00000000003278120260603102637 a0010-0626000010 aAman Mustofa,ePengarang1 aKamus lingkungan /cH. A. Mustofa aJakarta : :bRineka Cipta,,c2000 avii, 132 hlm. ;c21 cm. 2rdacontentaTeks 2rdamediaaBuku 2rdacarriera. aJKPNPNA a8751/PN/2001 a3085/DM/D/00 a8751/PN/2001 [2]a g bd 000 0ta260603 g 0 ind  a979-518-807-0 aJKPNPNAbind a403 a403 MUS k aR 577.03 AMA k aCB-D.09 2000-001904